Growing Urban Habitats:Seeking A New Housing Development Model (Record no. 369461)

MARC details
000 -LEADER
fixed length control field 00450 a2200157 4500
005 - DATE AND TIME OF LATEST TRANSACTION
control field 20251224115222.0
008 - FIXED-LENGTH DATA ELEMENTS--GENERAL INFORMATION
fixed length control field 251223b |||||||| |||| 00| 0 eng d
020 ## - INTERNATIONAL STANDARD BOOK NUMBER
International Standard Book Number 9780979550843
082 ## - DEWEY DECIMAL CLASSIFICATION NUMBER
Classification number 711.5/MOR
100 ## - MAIN ENTRY--PERSONAL NAME
Author Morrish W
245 ## - TITLE STATEMENT
Title Growing Urban Habitats:Seeking A New Housing Development Model
260 ## - PUBLICATION, DISTRIBUTION, ETC.
Name of publisher, distributor, etc. William Stout Publishers
Date of publication, distribution, etc. 2009
Place of publication, distribution, etc. San Francisco
300 ## - PHYSICAL DESCRIPTION
Extent 255p
Other physical details PB
700 ## - ADDED ENTRY--PERSONAL NAME
Personal name schindler S
942 ## - ADDED ENTRY ELEMENTS (KOHA)
Koha item type Books
Holdings
Withdrawn status Lost status Source of classification or shelving scheme Damaged status Not for loan Home library Current library Date acquired Vendor Net Price Total Checkouts Full call number Barcode Date last seen Actual Price Bill Date Koha item type
    Dewey Decimal Classification     Dr. Bhanuben Nanavati College of Architecture Dr. Bhanuben Nanavati College of Architecture 22/12/2025 213 2300.76   711.5/MOR BNCA-BK-13416 22/12/2025 3652.00 12/12/2025 Books